| 000 | 01289cam a2200217 4500 | ||
|---|---|---|---|
| 001 | ##L133568 | ||
| 008 | 110801s2006 000 0 eng u | ||
| 020 |
_a1859354645 _a1859354643 |
||
| 035 | _a(Sirsi) u133568 | ||
| 041 | 0 | _aeng | |
| 050 | 0 | 4 | _a306.1 $2 18 |
| 100 | 1 | _aCroucher, Karen | |
| 245 | 0 | 0 | _aMaking the case for retirement villages |
| 260 |
_aYork _bJoseph Rowntree Foundation _c2006 |
||
| 520 | _aReviews the evidence to date on the impact of retirement villages, a relatively new type of provision in the UK. Explores five key themes: the potential of retirement villages to enhance older people's choices for independent living; the particular benefits of larger developments and the potential for economies to scale; how retirement villages can be made accessible and affordable for a range of older people; the potential impact of retirement villages on local health and social services, and the impact of retirement villages on local communities. | ||
| 590 | _aIKA230506 | ||
| 651 | 4 |
_aUnited Kingdom _y |
|
| 690 | _aPROPERTY-RESIDENTIAL PROPERTY-OTHER RESIDENTIAL PROPERTY-OTHER RESIDENTIAL FACILITIES | ||
| 856 | 4 | 0 |
_uhttps://www.york.ac.uk/inst/chp/publications/PDF/caseforretirementvillages.pdf _zView the report free of charge at www.york.ac.uk |
| 942 | _n0 | ||
| 999 |
_c105422 _d105422 |
||